000 01023nam a22003017a 4500
003 CHAP
005 20220329141601.0
008 971013s1977 r 00010 d
010 _a70507
011 _a71479
035 _a81033
040 _cCHAP
090 _aTesis
100 0 0 _aChargoy Zamora, Celestino I.
_921959
245 _aPrograma para aprovechamiento de la vida, silvestre, perspectivas de explotación zootécnica del venado cola blanca (Odocoileus virginianus Hays)
260 _aChapingo, Méx. :
_bEl autor,
_c1977
300 _a114 h.
_b: apén.
502 _aTesis (Ing. Agr. Esp. en Zootecnia) -- ENA Departamento de Zootecnia
590 _aALEPH
_b10
_c20130110
_lUCH01
_h1410
590 _aBATCH-UPD
_b10
_c20130110
_lUCH01
_h1403
590 _aCONVERSION
_b10
_c20130109
_lUCH01
_h1339
650 1 4 _aVenados.
_9118663
650 1 4 _aVida silvestre.
_9119155
901 _aBK
942 _cFOLL
949 _bBC
_cTES
_d-34170
_eTS1
_i81033
_si
949 _bBC
_cTES
_d33724000907549
_eTS2
_fc.2
_i81033
_si
999 _c70507
_d70507